000 00952nam a22002777a 4500
001 8710
003 FISKH
005 20251013140743.0
008 251013b cb ||||| |||| 00| 0 eng d
020 _a9789996301162
040 _aFISKH
_bkhr
_cFISKH
_dFISKH
082 _a398.209596
100 _aSotheary, Kimsun
245 _aភ្នំបាណន់ :
_bPhnom Banan /
_cអ្នកស្រី គឹមស៊ុន សុធារី
260 _aPhnom Penh :
_bReading Books ,
_c2010.
300 _a20 pages :
_bcolor illustrations ;
_c25 cm .
490 _aពិភពរឿងនិទាន
505 _aP
521 8 _a650
_bLexile estimate
521 8 _aP
_bRaz-Plus
650 _aភ្នំបាណន់
_vរឿងព្រេងប្រជាប្រិយខ្មែរ
650 _aPhnom Banan
_vKhmer folklore
700 _aSan, Thai
_eIllustrator
942 _2ddc
_cKHB
_n0
999 _c8710
_d8710